01336nam a22003135i 4500999001700000003000900017005001700026008004100043020001800084040004300102082002500145100002700170245010300197264006100300300004000361336002600401337002800427338002700455590002700482650003600509650005500545650004300600650003700643651001000680653003200690942001200722952015600734952013200890 c23882d23854EG-ScBUE20201027101945.0170110s2011 gw a f 000 0 eng d a9783844321494 aEG-ScBUEbengerdacEG-ScBUEdEG-ScBUE04a809.9350067bKHA2221 aKhalil, Hend,eauthor.10aText and Hypertext :bWilliam Shakespeare's Hamlet and Anton Chekhov's the Seagull /cHend Khalil. 1aSaarbrücken :bLAP LAMBERT Academic Publishing,c2011. a531 pages :billustrations ;c24 cm atextbtxt2rdacontent aunmediatedbn2rdamedia avolumebnc2rdacarrier aComposed by BUE staff. 7aLiteraturexTheory, etc.2BUEsh 7aComputer LiteraturexHistory and criticism.2BUEsh 7aComputer LiteraturexTechnique.2BUEsh 7aHypertext systems.2BUEsh929997 2BUEsh bHHUUEENNbGGENcJanuary2017 2ddccBB 00102ddc40708BaccahaMAINbMAINc2NDd2017-01-10ePurchaseg2050.00l1o809.9350067 KHAp000040838q2021-11-30r2021-10-31 00:00:00s2021-10-31yBB 00102ddc40708BaccahaMAINbMAINc2NDd2017-01-10ePurchaseg2050.00l0o809.9350067 KHAp000040839r2025-07-15 00:00:00yBB